MASS MEDIA (Record no. 1897)
[ view plain ]
| 000 -LEADER | |
|---|---|
| fixed length control field | 00393nam a22001457a 4500 |
| 005 - DATE AND TIME OF LATEST TRANSACTION | |
| control field | 20241202141012.0 |
| 008 - FIXED-LENGTH DATA ELEMENTS--GENERAL INFORMATION | |
| fixed length control field | 241202b |||||||| |||| 00| 0 eng d |
| 100 ## - MAIN ENTRY--PERSONAL NAME | |
| Personal name | WIMMER D. ROGER |
| 245 ## - TITLE STATEMENT | |
| Title | MASS MEDIA |
| Remainder of title | AN INTRODUCTION |
| 250 ## - EDITION STATEMENT | |
| Edition statement | FIFTH ED. |
| 260 ## - PUBLICATION, DISTRIBUTION, ETC. | |
| Place of publication, distribution, etc. | BELMONT |
| Name of publisher, distributor, etc. | WADSWORTH PUB., COMP. |
| 500 ## - GENERAL NOTE | |
| General note | XIII,498p.,ILLUS APPENDIX,INDEX |
| 700 ## - ADDED ENTRY--PERSONAL NAME | |
| Personal name | DOMINIC R. JOSEPH |
| 942 ## - ADDED ENTRY ELEMENTS (KOHA) | |
| Source of classification or shelving scheme | Library of Congress Classification |
| Koha item type | Books |
| Suppress in OPAC | No |
| 999 ## - | |
| -- | 1897 |
| -- | 1897 |
| Withdrawn status | Lost status | Source of classification or shelving scheme | Damaged status | Not for loan | Home library | Current library | Shelving location | Date acquired | Total checkouts | Full call number | Barcode | Date last seen | Copy number | Price effective from | Koha item type |
|---|---|---|---|---|---|---|---|---|---|---|---|---|---|---|---|
| Library of Congress Classification | Graduate Library (Christ Temple) | Graduate Library (Christ Temple) | General stacks | 12/02/2024 | P 91 WIM | gsct00000213 | 12/02/2024 | 1 | 12/02/2024 | Books |